000 00519nam a2200181Ia 4500
005 20250326125631.0
008 250326s9999 xx 000 0 und d
037 _aTextbook
040 _aFMSL
_beng
_cFMSL
041 _aeng
_2eng
084 _aX:75.1X K7
_qFMSL
100 _aHansen B
245 0 _aLong and short-term planning in underdeveloped countries
_cHansen B
260 _aAmsterdam
_bAmsterdam, North-Holland
_c1967
300 _a61p
942 _cTB
_hX:75.1X K7
999 _c1278882
_d1278882